| 000 | 00807nam a2200205 a 4500 | ||
|---|---|---|---|
| 005 | 20240924065313.0 | ||
| 008 | 991125s1970 mx 000 0 spa u | ||
| 035 | _aUPN01000018100 | ||
| 049 | _aCG | ||
| 050 | 4 |
_aLA226 _bH5.38 |
|
| 245 | 0 | 3 |
_aLa educación superior : _balgunos de los más recientes progresos / _cSamuel Baskin ... [et al.] ; tr. María del Carmen Sardi. |
| 260 |
_aBuenos Aires ; _aMéxico : _bEl Ateneo, _c1970. |
||
| 300 | _a335 p. | ||
| 440 | 0 | _aBiblioteca nuevas orientaciones de la educación | |
| 534 |
_pTraducción de: _tHigher education : some newer development |
||
| 650 | 4 |
_aUNIVERSIDADES Y COLEGIOS - _zESTADOS UNIDOS - _vDISCURSOS, ENSAYOS, CONFERENCIAS, ETC. |
|
| 650 | 7 |
_aEducación superior _zEstados Unidos _2 _915203 |
|
| 700 | 1 |
_aBaskin, Samuel, _ecoaut. |
|
| 905 | _aLibro | ||
| 999 |
_c18100 _d18100 |
||